Network Design Basics : for Cabling Professionals /

Na minha lista:
Detalhes bibliográficos
Autor Corporativo: BICSI (ed.)
Formato: Livro
Idioma:inglês
Publicado em: Nueva York, EUA : Tampa, EUA : McGraw-Hill, BICSI, 2002, c2002
Assuntos:
Tags: Adicionar Tag
Sem tags, seja o primeiro a adicionar uma tag!

MARC

LEADER 00000nam^a2200000^a^4500
001 000136702
005 20250521000000.0
009 20260310095329.6
020 |a 0-07-139916-X 
037 |a Acervo ITESO - Biblioteca 
041 |a ING 
082 |a 621. 3981  |b NET 
245 0 0 |a Network Design Basics :  |b for Cabling Professionals /  |c Ed. de BICSI. 
264 4 |a Nueva York, EUA :  |b McGraw-Hill,  |a Tampa, EUA :  |b BICSI,  |c 2002, c2002 
300 |a XXVI, 380 p. 
336 |a texto  |b txt  |2 rdacontenido 
337 |a sin mediación  |b n  |2 rdamedio 
338 |a volumen  |b nc  |2 rdasoporte 
649 |a XX 
650 |a Líneas Eléctricas 
650 |a Instalaciones Eléctricas 
650 |a Redes de Computadoras -  |x Seguridad 
650 |a Redes de Computadoras -  |x Diseño y Construcción 
650 |a Redes de Computadoras -  |x Administración 
650 |a Tecnologías de Comunicación e Información -  |x Aspectos Tecnológicos 
650 |a Ingeniería Computacional 
650 |a Ingeniería Electrónica 
710 |a BICSI  |e (ed.) 
910 |a Fondo General 
920 |a Impresos - Libros 
930 |a Colección General 
905 |a 101 
901 |a 0500065411  |b IT1  |c ACC  |u 20250521 
902 |a https://opac.biblio.iteso.mx/vufind/Record/000136702